000
00322nam a2200145Ia 4500
100
_a
Jensen/Louis E.
942
_c
BK
654
_a
Automobile technology
245
_a
Automobile science and technology
260
_b
Taraporevala
_a
Mumbai
082
_a
6229.2
_b
JEN
300
_a
177
546
_a
ENGLISH
999
_c
32317
_d
32317